Lady Pank czy Perfect? - Statystyki

Ogólne statystyki
  • Ten quiz został rozwiązany 248 razy
  • Średni wynik to 14 z 16
Statystyki odpowiedzi
Hint Odpowiedź % Poprawnych
Zamki na piasku Lady Pank
97%
Kołysanka dla nieznajomej Perfect
95%
Nie płacz Ewka Perfect
95%
Zostawcie Titanica Lady Pank
94%
Mniej niż zero Lady Pank
94%
Autobiografia Perfect
92%
Fabryka małp Lady Pank
91%
Zawsze tam, gdzie ty Lady Pank
91%
Tańcz głupia, tańcz Lady Pank
91%
Tacy sami Lady Pank
89%
Ale wkoło jest wesoło Perfect
82%
Niewiele ci mogę dać Perfect
81%
Wyspa, drzewo, zamek Perfect
81%
Co się stało z Magdą K. Perfect
76%
Chcemy być sobą Perfect
75%
Wciąż bardziej obcy Lady Pank
73%
Nie znaleziono quizów pasujących do podanych kryteriów
Rozkład punktacji
Procent ludzi z każdym wynikiem
Percentyl według liczby udzielonych odpowiedzi
Twoja historia wyników
Nie rozwiązałeś tego quizu